Statistics for Countries Bordering Serbia

Click here to take the quiz!

General Stats

  • This quiz has been taken 20,767 times
  • The average score is 7 of 8

Answer Stats

Countries % Correct
Croatia
96%
Bosnia and Herzegovina
95%
Kosovo
91%
North Macedonia
91%
Montenegro
91%
Romania
90%
Bulgaria
89%
Hungary
88%

Score Distribution

Percentile by Number Answered

Percent of People with Each Score

Your Score History

You have not taken this quiz